000 00945nam a2200277 i 4500
003 CO-BoRNBP
005 20240722100637.0
007 ta
008 240722b2006 mx ||||| |||| 00| 0 spa d
020 _a9685389268, 9789685389266
040 _aCO-BoRNBP
_bSpa
_cCO-BoRNBP
_drda
041 _aEspañol
084 _aC MAR9
100 _aMartínez, Ericka; Sada, Margarita
_eautora
_941637
245 1 _a¡Ámame mamá!
_cAutora, Ericka Martínes, Margarita Sada
250 _aPrimera edición
264 1 _aMéxico, D.F.
_bEdiciones El Naranajo S.A. de C.V.
_c2006
300 _a24 páginas sin numerar
_biluistraciones a color
_cAlto 14cm X ancho 14cm
336 _2rdacontent
_atexto
_btxt
337 _2rdamedia
_asin mediación
_bn
338 _2rdacarrier
_avolumen
_bnc
650 1 7 _2ARMARC
_aCuento infantil
_916411
650 1 7 _2ARMARC
_aLiteratura infantil mexicana
_92461
650 1 7 _2ARMARC
_aamor maternal
_941638
942 _2ddc
_cBKINF
999 _c38197
_d38197